Studies of the purple gallinule (Porphyrula martinica) in the Meta ricefields (Registro nro. 12891)

Detalles MARC
000 -CABECERA
Campo de control 005810000a22001810004500
090 ## - CLASIFICACIÓN LOCAL
Colección AR
Consecutivo 03856
041 0# - IDIOMA
Código de idioma para texto/pista de sonido o título separado
100 1# - ASIENTO PRINCIPAL--NOMBRE PERSONAL
Nombre personal Mckay, Wallace D.
245 10 - MENCION DE TITULO
Título Studies of the purple gallinule (Porphyrula martinica) in the Meta ricefields
500 ## - NOTA GENERAL
Nota general <Colección Recursos Genéticos>
650 14 - ASIENTO SECUNDARIO DE MATERIA - TERMINO TEMATICO
Término temático o nombre geográfico como elemento de entrada Aves
650 14 - ASIENTO SECUNDARIO DE MATERIA - TERMINO TEMATICO
Término temático o nombre geográfico como elemento de entrada Hábitos alimentarios
650 14 - ASIENTO SECUNDARIO DE MATERIA - TERMINO TEMATICO
Término temático o nombre geográfico como elemento de entrada Biología reproductiva
651 #4 - ASIENTO SECUNDARIO DE MATERIA - NOMBRE GEOGRAFICO
-- Meta
-- Colombia
653 ## - TERMINO DE INDIZACION - NO CONTROLADO
-- Porphyrula
-- Porphyrula martinica
-- tingua
-- caica
-- gallineta
773 1# - Item fuente:
Título Preprint
Paginas del Articulo 1-48
Lugar, editorial y fecha de publicación 1978
942 ## - ELEMENTOS ADICIONALES (KOHA)
Tipo de ítem Artículo
Existencias
Withdrawn status Lost status Damaged status No para préstamo Colección Ubicación Permanente Ubicación actual Fecha de adquisición Datos de publicación Seriada Total Checkouts Número topográfico Inventario / Código de Barras Date last seen Price effective from Forma de adquisición Tipo de material
      No para Préstamo Hemeroteca Bogotá Bogotá 27/02/2015 Fuera de circulación   AR 03856 017411 25/03/2015 25/03/2015   Artículo